Pays rivaux en 2024 - Statistiques

Statistiques générales
  • Ce quiz a été pris 137 fois
  • Le résultat moyen est 12 sur 14
Statistiques - réponses
Hint Réponse % Correct
Ukraine Russie
99%
Corée Du Nord Corée Du Sud
96%
Taïwan Chine
95%
Algérie Maroc
95%
Palestine Israël
94%
Pakistan Inde
92%
Chine Etats-Unis
89%
Soudan Soudan Du Sud
89%
Kosovo Serbie
86%
Grèce Turquie
85%
Biélorussie Pologne
75%
Arménie Azerbaïdjan
74%
Arabie Saoudite Iran
70%
Belize Guatemala
56%
Aucun quiz correspondant
Distribution des résultats
% des personnes avec chaque résultat
Percentile par nombre de réponses
Votre historique - résultats
Vous n’avez pas pris ce quiz